<?xml version="1.0" encoding="UTF-8"?>
<resp>
  <nextPage>https://data.bn.org.pl/api/networks/bibs.marcxml?marc=001+b1000002754687&amp;sinceId=1000002754688</nextPage>
  <collection>
    <record xmlns='http://www.loc.gov/MARC21/slim'><leader>03100nam a2200901 i 4500</leader><controlfield tag='001'>b1000002754687</controlfield><controlfield tag='005'>20250227043206.7</controlfield><controlfield tag='008'>230110s2021    xr aboh      |000 0 pol c</controlfield><controlfield tag='009'>9913144687505606</controlfield><datafield ind1=' ' ind2=' ' tag='015'><subfield code='a'>UWD 2023/3117</subfield></datafield><datafield ind1=' ' ind2=' ' tag='020'><subfield code='a'>9788090771956</subfield><subfield code='q'>(oprawa miękka)</subfield></datafield><datafield ind1=' ' ind2=' ' tag='035'><subfield code='a'>(PL)b1000002754687</subfield></datafield><datafield ind1=' ' ind2=' ' tag='040'><subfield code='a'>WA N</subfield><subfield code='c'>WA N</subfield><subfield code='d'>WA N</subfield></datafield><datafield ind1='1' ind2=' ' tag='041'><subfield code='a'>pol</subfield><subfield code='h'>cze</subfield></datafield><datafield ind1=' ' ind2=' ' tag='044'><subfield code='a'>xr</subfield><subfield code='a'>pl</subfield></datafield><datafield ind1=' ' ind2=' ' tag='046'><subfield code='k'>2021</subfield></datafield><datafield ind1=' ' ind2=' ' tag='080'><subfield code='8'>1.1\x</subfield><subfield code='a'>556.18</subfield></datafield><datafield ind1=' ' ind2=' ' tag='080'><subfield code='8'>1.2\x</subfield><subfield code='a'>502.51</subfield></datafield><datafield ind1=' ' ind2=' ' tag='080'><subfield code='8'>1.3\x</subfield><subfield code='a'>626/627</subfield></datafield><datafield ind1=' ' ind2=' ' tag='080'><subfield code='8'>1.4\x</subfield><subfield code='a'>338.48-52:797.1(438)</subfield></datafield><datafield ind1=' ' ind2=' ' tag='080'><subfield code='8'>1.5\x</subfield><subfield code='a'>338.48-52:797.1(437.3)</subfield></datafield><datafield ind1=' ' ind2=' ' tag='084'><subfield code='a'>22</subfield></datafield><datafield ind1='1' ind2=' ' tag='100'><subfield code='a'>Lukášek, Josef</subfield><subfield code='d'>(1952- )</subfield><subfield code='e'>Tekst</subfield></datafield><datafield ind1='1' ind2='0' tag='245'><subfield code='a'>Woda podstawą życia /</subfield><subfield code='c'>[teksty: PaedDr. mgr. Josef Lukášek ; tłumaczenie: Jarosław Radimëřský].</subfield></datafield><datafield ind1=' ' ind2=' ' tag='260'><subfield code='a'>Rychnov nad Kněžnou :</subfield><subfield code='b'>Euroregion Pogranicza Czech, Moraw i Ziemi Kłodzkiej ;</subfield><subfield code='a'>Kłodzko :</subfield><subfield code='b'>we współpracy ze Stowarzyszeniem Gmin Polskich Euroregionu Glacensis,</subfield><subfield code='c'>2021.</subfield></datafield><datafield ind1=' ' ind2=' ' tag='300'><subfield code='a'>[2], 36, [1] strona :</subfield><subfield code='b'>faksymilia, fotografie, ilustracje, mapy, plany ;</subfield><subfield code='c'>30 cm.</subfield></datafield><datafield ind1=' ' ind2=' ' tag='336'><subfield code='a'>Tekst</subfield><subfield code='b'>txt</subfield><subfield code='2'>rdacontent</subfield></datafield><datafield ind1=' ' ind2=' ' tag='337'><subfield code='a'>Bez urządzenia pośredniczącego</subfield><subfield code='b'>n</subfield><subfield code='2'>rdamedia</subfield></datafield><datafield ind1=' ' ind2=' ' tag='338'><subfield code='a'>Wolumin</subfield><subfield code='b'>nc</subfield><subfield code='2'>rdacarrier</subfield></datafield><datafield ind1=' ' ind2=' ' tag='380'><subfield code='a'>Książki</subfield></datafield><datafield ind1=' ' ind2=' ' tag='380'><subfield code='a'>Publikacje promocyjne</subfield></datafield><datafield ind1='1' ind2=' ' tag='388'><subfield code='a'>2001-</subfield></datafield><datafield ind1=' ' ind2=' ' tag='536'><subfield code='a'>Finansowanie: Unia Europejska (UE)</subfield></datafield><datafield ind1=' ' ind2=' ' tag='546'><subfield code='a'>Tekst w przekładzie z języka czeskiego.</subfield></datafield><datafield ind1=' ' ind2='7' tag='650'><subfield code='a'>Hydrotechnika</subfield><subfield code='2'>DBN</subfield></datafield><datafield ind1=' ' ind2='7' tag='650'><subfield code='a'>Potencjał turystyczny</subfield><subfield code='2'>DBN</subfield></datafield><datafield ind1=' ' ind2='7' tag='650'><subfield code='a'>Zbiorniki wodne</subfield><subfield code='2'>DBN</subfield></datafield><datafield ind1=' ' ind2='7' tag='650'><subfield code='a'>Powódź</subfield><subfield code='2'>DBN</subfield></datafield><datafield ind1=' ' ind2='7' tag='650'><subfield code='a'>Rzeki</subfield><subfield code='2'>DBN</subfield></datafield><datafield ind1=' ' ind2='7' tag='650'><subfield code='a'>Uzdrowiska</subfield><subfield code='2'>DBN</subfield></datafield><datafield ind1=' ' ind2='7' tag='650'><subfield code='a'>Zabytki techniki</subfield><subfield code='2'>DBN</subfield></datafield><datafield ind1=' ' ind2='7' tag='650'><subfield code='a'>Woda</subfield><subfield code='2'>DBN</subfield></datafield><datafield ind1=' ' ind2='7' tag='651'><subfield code='a'>Euroregion Glacensis (obszar)</subfield><subfield code='2'>DBN</subfield></datafield><datafield ind1=' ' ind2='7' tag='655'><subfield code='a'>Opracowanie</subfield><subfield code='2'>DBN</subfield></datafield><datafield ind1=' ' ind2='7' tag='655'><subfield code='a'>Broszura</subfield><subfield code='2'>DBN</subfield></datafield><datafield ind1=' ' ind2=' ' tag='658'><subfield code='a'>Inżynieria i technika</subfield></datafield><datafield ind1=' ' ind2=' ' tag='658'><subfield code='a'>Gospodarka, ekonomia, finanse</subfield></datafield><datafield ind1=' ' ind2=' ' tag='658'><subfield code='a'>Geografia i nauki o Ziemi</subfield></datafield><datafield ind1=' ' ind2=' ' tag='658'><subfield code='a'>Ochrona środowiska</subfield></datafield><datafield ind1='1' ind2=' ' tag='700'><subfield code='a'>Radiměřský, Jarosław</subfield><subfield code='e'>Tłumaczenie</subfield></datafield><datafield ind1='2' ind2=' ' tag='710'><subfield code='a'>Euroregion Glacensis</subfield><subfield code='e'>Wydawca</subfield><subfield code='4'>pbl</subfield></datafield><datafield ind1=' ' ind2=' ' tag='852'><subfield code='b'>48OMNIS_NETWORK</subfield><subfield code='8'>9913144687505606</subfield></datafield><datafield ind1=' ' ind2=' ' tag='852'><subfield code='b'>48OMNIS_NLOP</subfield><subfield code='8'>991053057796605066</subfield></datafield><datafield ind1=' ' ind2=' ' tag='852'><subfield code='8'>22717043860005066</subfield><subfield code='j'>1</subfield><subfield code='h'>3.199.529 A</subfield><subfield code='b'>BN_PL</subfield><subfield code='p'>30001031775432</subfield><subfield code='c'>bk1</subfield></datafield><datafield ind1=' ' ind2=' ' tag='852'><subfield code='8'>22717043830005066</subfield><subfield code='j'>1</subfield><subfield code='h'>3.605.788</subfield><subfield code='b'>BN_PL</subfield><subfield code='p'>30001031775449</subfield><subfield code='c'>bk8</subfield></datafield><datafield ind1=' ' ind2=' ' tag='920'><subfield code='a'>978-80-907719-5-6 (oprawa miękka)</subfield></datafield></record>
  </collection>
</resp>
